Rectangular concrete tanks/ (Record no. 547246)
[ view plain ]
| 000 -LEADER | |
|---|---|
| fixed length control field | 00390nam a22001457a 4500 |
| 082 ## - DEWEY DECIMAL CLASSIFICATION NUMBER | |
| Classification number | 624.5 |
| Author Mark | MUN |
| -- | N-01, P-89 |
| 100 ## - MAIN ENTRY--PERSONAL NAME | |
| Personal name | Portland Cement Association., |
| 9 (RLIN) | 43435 |
| 245 ## - TITLE STATEMENT | |
| Title | Rectangular concrete tanks/ |
| 250 ## - EDITION STATEMENT | |
| Edition statement | 5th ed. |
| 260 ## - PUBLICATION, DISTRIBUTION, ETC. | |
| Date of publication, distribution, etc. | c 1998. |
| 300 ## - PHYSICAL DESCRIPTION | |
| Extent | Various paging. : |
| Other physical details | Table.; |
| Dimensions | 28cm |
| 526 ## - STUDY PROGRAM INFORMATION NOTE | |
| Program name | 0 |
| Interest level | 0 |
| Reading level | 0 |
| Title point value | 624_500000000000000_MUN |
| 650 ## - SUBJECT ADDED ENTRY--TOPICAL TERM | |
| Topical term or geographic name entry element | NUST |
| 9 (RLIN) | 6342 |
| 942 ## - ADDED ENTRY ELEMENTS (KOHA) | |
| Source of classification or shelving scheme | |
| Koha item type | Book |
| Withdrawn status | Lost status | Source of classification or shelving scheme | Damaged status | Not for loan | Permanent Location | Current Location | Date acquired | Total Checkouts | Full call number | Barcode | Date last seen | Price effective from | Koha item type |
|---|---|---|---|---|---|---|---|---|---|---|---|---|---|
| Military College of Engineering (MCE) | Military College of Engineering (MCE) | 07/07/2014 | 624.5 MUN | MCE-36548 | 07/07/2014 | 07/07/2014 | Book |
